[Event "Final Mistrzostw Polski Mlodzikow do lat 10 - Chlopcy"]
[Site "Szczyrk"]
[Date "1899-12-30"]
[Round "4.5"]
[White "Futyma, Dawid"]
[Black "Zmarzly, Wiktor"]
[Result "0-1"]
[WhiteTitle "II+"]
[BlackTitle "II"]
[WhiteElo "1245"]
[BlackElo "1388"]

1. d4 d5 2. c4 e6 3. Nc3 Nf6 4. Bg5 Nbd7 5. Nf3 c6 6. e3 Qa5 7. a3 Ne4 8. Qc2 Bb4
9. Rc1 Bxc3+ 10. bxc3 Nxg5 11. Nxg5 h6 12. Nf3 Qxa3 13. cxd5 exd5 14. Bd3 Nf6
15. O-O O-O 16. c4 Be6 17. c5 Qa5 18. Ne5 Ng4 19. Nf3 Qc7 20. h3 Nf6 21. Ne5 Qc8
22. Rb1 Nd7 23. Nf3 Qc7 24. Rb2 Kh8 25. Rfb1 b5 26. cxb6 axb6 27. Bb5 Rfc8 28.
Rc1 c5 29. Qb1 Rab8 30. Ba6 Rd8 31. Bb5 Qd6 32. Bxd7 Bxd7 33. Ne5 Be6 34. f4 Kg8
35. Qd3 c4 36. Qc3 f6 37. Ng6 Bf5 38. Nh4 Bd3 39. Kf2 Ra8 40. Nf3 Ra3 41. Qd2
Rb8 42. Rc3 b5 43. Rxa3 Qxa3 44. Ra2 Qd6 45. Ne1 Be4 46. Qc1 b4 47. Rb2 b3 48.
Qc3 Qb4 49. Qxb4 Rxb4 50. Ke2 c3 51. Nd3 Bxd3+ 0-1

[Event "Final Mistrzostw Polski Mlodzikow do lat 10 - Chlopcy"]
[Site "Szczyrk"]
[Date "1899-12-30"]
[Round "4.6"]
[White "Kozak, Karol"]
[Black "Dunda, Szymon"]
[Result "0-1"]
[WhiteTitle "II"]
[BlackTitle "II"]
[WhiteElo "1271"]
[BlackElo "1137"]

1. e4 c5 2. Nf3 e6 3. d4 cxd4 4. Nxd4 a6 5. Bd3 Qc7 6. O-O b5 7. Be3 Bb7 8. Qd2
d6 9. Nc3 Nf6 10. f3 Nbd7 11. Rad1 Be7 12. Rfe1 O-O 13. g4 d5 14. e5 Nxe5 15.
Bf4 Bd6 16. Ndxb5 Nxf3+ 17. Kh1 Bxf4 18. Nxc7 Nxd2 19. Nxa8 Bxa8 20. Re2 d4+ 21.
Ne4 Ndxe4 22. Bxe4 Bxe4+ 0-1

[Event "Final Mistrzostw Polski Mlodzikow do lat 10 - Chlopcy"]
[Site "Szczyrk"]
[Date "1899-12-30"]
[Round "4.7"]
[White "Hartlinski, Tomasz"]
[Black "Karaszewski, Gabriel"]
[Result "0-1"]
[WhiteTitle "II"]
[BlackTitle "II"]
[WhiteElo "1155"]
[BlackElo "1614"]

1. e4 c5 2. Nf3 Nc6 3. d4 cxd4 4. Nxd4 Nf6 5. Nc3 d6 6. Be3 e5 7. Nb3 Be7 8. Be2
O-O 9. O-O a5 10. Nc1 Be6 11. Nd3 d5 12. exd5 Nxd5 13. Nxd5 Bxd5 14. c3 Qc7 15.
b4 axb4 16. Nxb4 Nxb4 17. cxb4 Rfd8 18. Rc1 Qd6 19. Bc5 Qg6 20. Bf3 e4 21. Bh5
Qg5 22. Bxe7 Qxe7 23. Qe2 Rxa2 24. Qe3 Qxb4 25. Qc5 Qxc5 26. Rxc5 b6 27. Rb5 Bc4
28. Rxb6 Bxf1 29. Kxf1 g6 30. g4 gxh5 31. gxh5 e3 32. Rf6 e2+ 33. Kg2 e1=Q 34.
Rf3 Rdd2 35. Kg3 Rxf2 36. Kg4 Rxf3 37. Kxf3 Rf2+ 38. Kg4 Qg1+ 39. Kh3 Rxh2# 0-1

[Event "Final Mistrzostw Polski Mlodzikow do lat 10 - Chlopcy"]
[Site "Szczyrk"]
[Date "1899-12-30"]
[Round "4.8"]
[White "Kisiel, Dominik"]
[Black "Kaszuba, Michal"]
[Result "1/2-1/2"]
[WhiteTitle "II"]
[BlackTitle "II"]
[WhiteElo "1114"]
[BlackElo "1370"]

1. e4 Nf6 2. Nc3 Nc6 3. Bb5 d5 4. exd5 Nxd5 5. Nxd5 Qxd5 6. Bxc6+ Qxc6 7. Nf3 Bg4
8. h3 Bxf3 9. Qxf3 Qxf3 10. gxf3 g6 11. d4 Bg7 12. c3 O-O-O 13. Bf4 h6 14. O-O-O
Rd5 15. Rhe1 e6 16. Be5 f6 17. Bg3 Kd7 18. Re3 h5 19. Rde1 Bh6 20. f4 Re8 21.
Kc2 Rf5 22. Re4 Kd6 23. a3 b5 24. b3 a6 25. c4 c6 26. c5+ Kd5 27. Kc3 a5 28. b4
a4 29. h4 Bf8 30. Bh2 Re7 31. Bg3 Bh6 32. Bh2 Bf8 33. Bg3 Bh6 34. Bh2 Bf8 35.
Bg3 Bh6 36. Bh2 Bf8 37. Bg3 1/2-1/2

[Event "Final Mistrzostw Polski Mlodzikow do lat 10 - Chlopcy"]
[Site "Szczyrk"]
[Date "1899-12-30"]
[Round "4.9"]
[White "Chomicki, Kornel"]
[Black "Oles, Mateusz"]
[Result "1-0"]
[WhiteTitle "II"]
[BlackTitle "III"]
[WhiteElo "1320"]
[BlackElo "1103"]

1. e4 c5 2. Nc3 Nc6 3. g3 g6 4. Bg2 Bg7 5. d3 Nf6 6. Be3 d6 7. f4 a6 8. Nf3 Bd7
9. h3 Qc7 10. O-O O-O-O 11. Qd2 h6 12. a3 Rde8 13. Rab1 Kd8 14. b4 cxb4 15. axb4
e5 16. fxe5 Nxe5 17. Nxe5 dxe5 18. b5 axb5 19. Nxb5 Bxb5 20. Rxb5 Re6 21. Rfb1
Kc8 22. Bb6 Qb8 23. Be3 Qc7 24. Qb4 Bf8 25. Qb3 b6 26. Bxb6 Rxb6 27. Rxb6 Bc5+
28. Kh2 Bxb6 29. Qxb6 Qxb6 30. Rxb6 Nd7 31. Rb2 Kc7 32. Kg1 Kc6 33. Kf2 Rb8 34.
Rxb8 Nxb8 35. Ke3 Kc5 36. Bf3 Nc6 37. c3 f6 38. Bd1 Kb5 39. Bb3 Ne7 40. Bf7 Kc5
41. d4+ Kd6 42. Kd3 Kc6 43. h4 Kd6 44. g4 Kc6 45. Kc4 Kd6 46. Kd3 Kc6 47. Be8+
Kd6 48. c4 exd4 49. Kxd4 f5 50. exf5 gxf5 51. g5 hxg5 52. hxg5 Ng8 53. Bf7 Ne7
54. g6 f4 55. Ke4 Kc5 56. g7 f3 57. Kxf3 Kd4 58. g8=Q Nxg8 59. Bxg8 Kc5 60. Ke4
Kc6 61. Bd5+ Kc5 62. Ke5 1-0

[Event "Final Mistrzostw Polski Mlodzikow do lat 10 - Chlopcy"]
[Site "Szczyrk"]
[Date "1899-12-30"]
[Round "4.10"]
[White "Jasiulewicz, Kamil"]
[Black "Oglaza, Dawid"]
[Result "1-0"]
[WhiteTitle "II"]
[BlackTitle "II"]
[WhiteElo "1089"]
[BlackElo "1320"]

1. d4 Nf6 2. c4 e6 3. a3 b6 4. Nf3 Bb7 5. e3 Ne4 6. Bd3 f5 7. b4 a5 8. b5 Be7 9.
Bb2 O-O 10. O-O d6 11. Nbd2 Nd7 12. Qc2 Ndf6 13. Bxe4 Bxe4 14. Nxe4 Nxe4 15. Nd2
Nxd2 16. Qxd2 Qe8 17. f4 d5 18. cxd5 exd5 19. a4 Rf6 20. Rac1 Bd6 21. Qc3 Re6
22. Rf3 Rg6 23. Ba3 Bxa3 24. Qxa3 c6 25. Qb3 Qd7 26. bxc6 Rxc6 27. Rb1 Rac8 28.
h3 Qd6 29. Kh2 Rb8 30. Qd3 Qe6 31. Rb5 Rbc8 32. Qb3 Rd6 33. Rf2 Re8 34. Re2 h6
35. Kg3 Rc8 36. Kf2 Kf7 37. Rb2 Rcc6 38. g3 g6 39. Rb1 Kf6 40. Qd3 Qd7 41. Kf3
h5 42. Rg1 Qh7 43. Qb3 Ke6 44. Qb1 Qh6 45. Rh1 h4 46. g4 Qf8 47. gxf5+ gxf5 48.
Rg1 Qf7 49. Rg5 Qh7 50. Qg1 Kf7 51. Qg2 Rc4 52. Qd2 Kf6 53. Qa2 Qf7 54. Qb1 Ke6
55. Rxb6 Rcc6 56. Rb7 Rd7 57. Qb5 Rcd6 58. Rxd7 Rxd7 59. Qxa5 Rd6 60. Qc5 Qe8
61. a5 Qf7 62. a6 Rd7 63. Qc6+ Rd6 64. Qc8+ 1-0

[Event "Final Mistrzostw Polski Mlodzikow do lat 10 - Chlopcy"]
[Site "Szczyrk"]
[Date "1899-12-30"]
[Round "4.11"]
[White "Przybys, Bruno"]
[Black "Butkiewicz, Jan"]
[Result "0-1"]
[WhiteTitle "III"]
[BlackTitle "II"]
[WhiteElo "1021"]
[BlackElo "1203"]

1. c4 Nf6 2. Nc3 e6 3. Nf3 d5 4. e3 b6 5. d4 Bb7 6. Be2 c5 7. O-O Nbd7 8. Qc2 dxc4
9. Rd1 cxd4 10. exd4 Bb4 11. Ne5 Bxc3 12. bxc3 O-O 13. Bg5 Qc7 14. f4 Nxe5 15.
fxe5 Nd5 16. Bf3 h6 17. Bxd5 hxg5 18. Bxb7 Qxb7 19. Qd2 f6 20. Rf1 Qe7 21. Rf3
g4 22. Rf2 f5 23. Raf1 Rad8 24. Qe2 b5 25. h3 Qg5 26. Kh1 g6 27. Rf4 gxh3 28.
gxh3 Qh5 29. Qxh5 gxh5 30. Rh4 Rf7 31. Rg1+ Kh8 32. Rxh5+ Rh7 33. Rgg5 Rxh5 34.
Rxh5+ Kg7 35. Rg5+ Kh6 36. h4 b4 37. cxb4 Rxd4 38. Rg8 Rxh4+ 39. Kg2 Rg4+ 0-1

[Event "Final Mistrzostw Polski Mlodzikow do lat 10 - Chlopcy"]
[Site "Szczyrk"]
[Date "1899-12-30"]
[Round "4.13"]
[White "Konieczny, Marek"]
[Black "Zielen, Stanislaw"]
[Result "0-1"]
[WhiteTitle "II"]
[BlackTitle "II"]
[WhiteElo "1166"]
[BlackElo "1075"]

1. e4 e5 2. Nf3 Nc6 3. Bc4 Bc5 4. O-O Nf6 5. d3 h6 6. c3 d6 7. a4 a6 8. h3 Be6
9. Nbd2 Bb6 10. Re1 O-O 11. Bxe6 fxe6 12. Nc4 Ba7 13. d4 exd4 14. cxd4 d5 15.
exd5 exd5 16. Nce5 Ne4 17. b4 Nxe5 18. Nxe5 Nxf2 19. Nc6 Nxd1 20. Nxd8 Bxd4+ 21.
Kh2 Bxa1 22. Ne6 Rfe8 23. Rxd1 Rxe6 24. Rxd5 Re4 25. Bd2 c6 26. Rd7 b5 27. a5
Be5+ 28. Kg1 Rd4 0-1

[Event "Final Mistrzostw Polski Mlodzikow do lat 10 - Chlopcy"]
[Site "Szczyrk"]
[Date "1899-12-30"]
[Round "4.16"]
[White "Klim, Juliusz"]
[Black "Komendecki, Grzegorz"]
[Result "1-0"]
[WhiteTitle "II"]
[BlackTitle "II"]
[WhiteElo "1276"]
[BlackElo "1113"]

1. e4 c5 2. Nf3 g6 3. d4 cxd4 4. Nxd4 Nf6 5. Nc3 Bg7 6. Be3 O-O 7. Be2 Nc6 8. O-O
d5 9. exd5 Nxd5 10. Nxd5 Qxd5 11. Bf3 Qd7 12. Nxc6 bxc6 13. Qxd7 Bxd7 14. Rad1
Bf5 15. c3 Rab8 16. Rd2 Rfc8 17. Rfd1 Be6 18. Bxc6 Bxa2 19. Bxa7 Bb3 20. Re1 Ra8
21. Bxa8 Rxa8 22. Rxe7 Bf6 23. Rb7 Kg7 24. Rxb3 Rxa7 25. g3 Ra2 26. Rb7 Bxc3 27.
Rdd7 Bxb2 28. Rxf7+ Kh6 29. h4 Kh5 30. Kg2 g5 31. Rxh7+ Kg6 32. h5+ Kf5 33. Rhf7+
Ke6 34. Rbe7+ Kd5 35. Re2 Kd4 36. Rb7 Kc3 37. Rbxb2 Rxb2 38. Rxb2 Kxb2 39. h6
1-0

[Event "Final Mistrzostw Polski Mlodzikow do lat 10 - Chlopcy"]
[Site "Szczyrk"]
[Date "1899-12-30"]
[Round "4.17"]
[White "Majcher, Igor"]
[Black "Balis, Sebastian"]
[Result "0-1"]
[WhiteTitle "II"]
[BlackTitle "II"]
[WhiteElo "1129"]
[BlackElo "1275"]

1. e4 c5 2. Nf3 e6 3. d4 cxd4 4. Nxd4 a6 5. Nc3 Qc7 6. Be3 Bb4 7. Qd3 Nf6 8. f3
d5 9. exd5 Nxd5 10. Bd2 Nxc3 11. Bxc3 Bxc3+ 12. bxc3 O-O 13. Qc4 Qxc4 14. Bxc4
Nd7 15. Kf2 Nc5 16. Rhd1 e5 17. Ne2 Bf5 18. Rd5 Nd7 19. Bb3 Be6 20. Rd6 Nc5 21.
Bxe6 Nxe6 22. Rad1 Rfd8 23. Rxd8+ Rxd8 24. Rxd8+ Nxd8 25. Ke3 f5 26. f4 e4 27.
g4 fxg4 28. Kxe4 Kf7 29. Kd5 Ke7 30. Nd4 g6 31. c4 h5 32. a3 h4 33. Ne2 Nf7 34.
c5 Kd7 35. Ng1 Nd8 36. h3 g3 37. Ke5 Ke7 38. Nf3 g2 39. Ng1 Ne6 40. f5 Nxc5 41.
fxg6 Ne6 42. c3 Nc7 43. c4 Ne8 44. Kf5 Nd6+ 45. Kg5 Kf8 46. Kxh4 Nxc4 47. Kg5
Nxa3 48. h4 Nc4 49. h5 Nd6 50. h6 b5 51. Kf6 Ne8+ 52. Ke5 b4 53. Kd4 a5 54. Kc4
Nf6 55. h7 Kg7 56. Kb3 Nd7 57. Nf3 Nf8 58. Ka4 Nxg6 59. Ng1 Kxh7 60. Kb3 Kh6 61.
Nf3 Kh5 62. Ng1 Ne5 63. Ka4 Kg4 64. Kb3 Nf3 65. Nxf3 Kxf3 66. Ka4 g1=Q 67. Kxa5
Qa1+ 68. Kxb4 Qc1 69. Kb3 Ke3 70. Kb4 Kd4 71. Kb3 Qc3+ 72. Ka2 Qb4 73. Ka1 Kc3
74. Ka2 Qb2# 0-1

[Event "Final Mistrzostw Polski Mlodzikow do lat 10 - Chlopcy"]
[Site "Szczyrk"]
[Date "1899-12-30"]
[Round "4.18"]
[White "Pawelski, Tomasz"]
[Black "Obrycki, Tomasz"]
[Result "1/2-1/2"]
[WhiteTitle "II"]
[BlackTitle "II"]
[WhiteElo "1107"]
[BlackElo "1223"]

1. e4 d5 2. exd5 Qxd5 3. Nc3 Qa5 4. d4 Nf6 5. Nf3 Bg4 6. h3 Bh5 7. g4 Bg6 8. Bd2
c6 9. Bc4 Qc7 10. Bb3 e6 11. Qe2 Bb4 12. Ne5 Nbd7 13. f4 Bxc3 14. Bxc3 Nxe5 15.
dxe5 Ne4 16. Qf3 Nxc3 17. Qxc3 Be4 18. Rh2 O-O-O 19. Re2 Qb6 20. Qe3 Qxe3 21.
Rxe3 Bg6 22. f5 exf5 23. gxf5 Bxf5 24. Bxf7 Rd7 25. e6 Re7 26. O-O-O Rd8 27. Rf1
g6 28. h4 Rd5 29. Bg8 Kd8 30. Bf7 Kc7 31. c3 Kd6 32. Rfe1 Ra5 33. a3 a6 34. Bg8
h5 35. Bf7 Ra4 36. Rg3 Rg4 37. Rxg4 hxg4 38. Kd2 g3 39. Rg1 Ke5 1/2-1/2

[Event "Final Mistrzostw Polski Mlodzikow do lat 10 - Chlopcy"]
[Site "Szczyrk"]
[Date "1899-12-30"]
[Round "4.19"]
[White "Adamala, Tomasz"]
[Black "Prokopiuk, Jakub"]
[Result "1/2-1/2"]
[WhiteTitle "II"]
[BlackTitle "II"]
[WhiteElo "1049"]
[BlackElo "1188"]

1. e4 c5 2. Nf3 Nc6 3. d4 cxd4 4. Nxd4 Nf6 5. Nc3 e5 6. Ndb5 d6 7. a4 a6 8. Na3
Be7 9. Bg5 b6 10. Be2 Bb7 11. O-O O-O 12. Qd2 Nd4 13. Bd3 d5 14. exd5 Nxd5 15.
Bxe7 Nxe7 16. Rad1 Qd6 17. Rfe1 f6 18. Ne4 Qc6 19. f3 Qxa4 20. Bc4+ Kh8 21. Nd6
Bxf3 22. Ra1 Bd5 23. Bxd5 Nxd5 24. c3 Qc6 25. cxd4 Qxd6 26. dxe5 fxe5 27. Rac1
Qe6 28. Nc4 Rf5 29. Rcd1 Rd8 30. Ne3 Rf7 31. Nxd5 Qd6 32. Re3 Rfd7 33. Rd3 Qc5+
34. Kh1 h6 35. h3 e4 36. Rd4 e3 37. Qxe3 Rxd5 38. Rxd5 Qxe3 39. Rxd8+ Kh7 40.
R8d6 Qb3 41. R1d2 a5 42. R6d3 Qc4 43. Rd4 Qc1+ 44. Kh2 b5 45. b3 a4 46. bxa4 bxa4
47. Ra2 a3 48. Ra4 Qc7+ 49. Kh1 Qc1+ 50. Kh2 Qc7+ 51. Kh1 Qc1+ 52. Kh2 Qc7+ 1/2-1/2

[Event "Final Mistrzostw Polski Mlodzikow do lat 10 - Chlopcy"]
[Site "Szczyrk"]
[Date "1899-12-30"]
[Round "4.20"]
[White "Ziobrowski, Wojciech"]
[Black "Wesolowski, Jeremi"]
[Result "1-0"]
[WhiteTitle "II"]
[BlackTitle "II"]
[WhiteElo "1048"]
[BlackElo "1142"]

1. e4 c6 2. d4 d5 3. exd5 cxd5 4. c4 Nf6 5. Nc3 e6 6. a3 Nc6 7. Nf3 Be7 8. Be2
dxc4 9. Bxc4 a6 10. O-O O-O 11. h3 b5 12. Ba2 Bb7 13. Be3 Rc8 14. Ng5 Qd7 15.
Re1 Rfd8 16. Qb1 Nxd4 17. Bd5 Nxd5 18. Qxh7+ Kf8 19. Qh8# 1-0

[Event "Final Mistrzostw Polski Mlodzikow do lat 10 - Chlopcy"]
[Site "Szczyrk"]
[Date "1899-12-30"]
[Round "4.22"]
[White "Mioduszewski, Szymon"]
[Black "Jagodzinski, Jaromir"]
[Result "0-1"]
[WhiteTitle "III"]
[BlackTitle "II"]
[WhiteElo "1100"]
[BlackElo "1292"]

1. a3 d5 2. Nf3 Nf6 3. d3 Nc6 4. g3 e5 5. Bg2 Bg4 6. O-O Qd7 7. Re1 Bh3 8. Bh1
O-O-O 9. e3 h5 10. Nbd2 Bg4 11. h4 e4 12. b4 exf3 13. Nxf3 Bd6 14. Qd2 Bxf3 15.
Bxf3 Ne5 16. Bg2 Qg4 17. Qe2 Qxe2 18. Rxe2 Rhe8 19. b5 Re7 20. a4 Rde8 21. a5
d4 22. b6 cxb6 23. axb6 a6 24. Kh1 dxe3 25. Bxe3 Neg4 26. Bh3 Kb8 27. Rae1 Nxe3
28. Rxe3 Rxe3 29. fxe3 Bc5 30. e4 Bxb6 31. Kg2 Bd4 32. Kf3 Kc7 33. Kf4 Kd6 34.
c4 Be5+ 35. Kf3 Kc5 36. Rd1 Rd8 37. Bf1 Ng4 38. Be2 Bd4 39. Rd2 Ne5+ 40. Kg2 Be3
41. Ra2 Bc1 42. Ra1 Bd2 43. Bxh5 Rxd3 44. Rd1 Nxc4 45. Rb1 b5 46. Bxf7 Nd6 47.
Bd5 Re3 48. Rd1 Bb4 49. Rc1+ Kd4 50. Rd1+ Rd3 0-1

[Event "Final Mistrzostw Polski Mlodzikow do lat 10 - Chlopcy"]
[Site "Szczyrk"]
[Date "1899-12-30"]
[Round "4.23"]
[White "Pycinski, Wladyslaw"]
[Black "Kawa, Wojciech"]
[Result "1/2-1/2"]
[WhiteTitle "II"]
[BlackTitle "III"]
[WhiteElo "1194"]
[BlackElo "1101"]

1. e4 d5 2. exd5 Qxd5 3. Nc3 Qd6 4. Bc4 Nf6 5. Nge2 a6 6. d3 b5 7. Bb3 Bb7 8. O-O
e6 9. f3 c5 10. a3 Qc7 11. Ne4 Nxe4 12. fxe4 Nc6 13. Be3 Bd6 14. Bf4 Bxf4 15.
Nxf4 Nd4 16. c3 Nxb3 17. Qxb3 c4 18. dxc4 Qxc4 19. Qxc4 bxc4 20. e5 O-O 21. Nh3
Rad8 22. Rad1 Rd5 23. Rxd5 Bxd5 24. Nf4 Rd8 25. Rd1 Kf8 26. Kf2 Ke7 27. Nxd5+
exd5 28. Ke3 Ke6 29. Kd4 Rc8 30. Rf1 Rb8 31. Rf2 1/2-1/2

[Event "Final Mistrzostw Polski Mlodzikow do lat 10 - Chlopcy"]
[Site "Szczyrk"]
[Date "1899-12-30"]
[Round "4.24"]
[White "Kopaczewski, Mateusz"]
[Black "Lewek, Jakub"]
[Result "1-0"]
[WhiteTitle "II"]
[BlackTitle "II"]
[WhiteElo "1086"]
[BlackElo "1155"]

1. e4 e6 2. d4 d5 3. Bd3 Nf6 4. Bg5 h6 5. Bxf6 Qxf6 6. Nc3 Qxd4 7. Bb5+ c6 8. Qxd4
cxb5 9. Nxb5 Nc6 10. Qa4 Kd8 11. exd5 exd5 12. Qf4 f6 13. O-O-O Ne5 14. Rxd5+
Bd7 15. Nf3 Nxf3 16. Qc7+ Ke8 17. Qxd7# 1-0

[Event "Final Mistrzostw Polski Mlodzikow do lat 10 - Chlopcy"]
[Site "Szczyrk"]
[Date "1899-12-30"]
[Round "4.25"]
[White "Mielcuch, Karol"]
[Black "Tim, Wojciech"]
[Result "0-1"]
[WhiteTitle "II"]
[BlackTitle "II"]
[WhiteElo "1143"]
[BlackElo "1004"]

1. c4 e6 2. g3 d5 3. cxd5 exd5 4. Bg2 Nf6 5. d4 Bd6 6. Nf3 Bf5 7. O-O O-O 8. Nc3
c6 9. Re1 Re8 10. Qb3 Qc7 11. Ng5 h6 12. Nh3 Nbd7 13. Nf4 Nb6 14. Bd2 Nc4 15.
Bc1 Qd7 16. Qd1 Rad8 17. b3 Nb6 18. a4 Na8 19. e3 Nc7 20. Nh5 Nxh5 21. Qxh5 Bg4
22. Bh3 Bxh3 23. Qe2 Bg4 24. f3 Bh5 25. Qg2 Bg6 26. e4 dxe4 27. fxe4 Bb4 28. Re3
Bxc3 29. Ra2 Bxd4 30. h4 Bxe3+ 31. Bxe3 Bxe4 32. Qf2 Qd1+ 33. Qf1 Qxb3 34. Ra1
Qxe3+ 35. Qf2 Qc3 36. Rf1 Rf8 37. Qf4 Bg6 38. Qxc7 Rd3 39. Kh2 Rd2+ 40. Kh3 Qc2
41. Rf4 Bf5+ 42. Rxf5 Qxf5+ 43. g4 Qf3+ 44. Qg3 Qh1+ 45. Qh2 Qxh2# 0-1

[Event "Final Mistrzostw Polski Mlodzikow do lat 10 - Chlopcy"]
[Site "Szczyrk"]
[Date "1899-12-30"]
[Round "4.26"]
[White "Skupin, Bartosz"]
[Black "Kostrzewski, Dawid"]
[Result "0-1"]
[WhiteTitle "II"]
[BlackTitle "III"]
[WhiteElo "1129"]
[BlackElo "1032"]

1. e4 e6 2. d4 d5 3. e5 c5 4. Nf3 cxd4 5. Nxd4 Bc5 6. Be3 Qb6 7. b3 Ne7 8. Nc3
Bd7 9. Bb5 Bxb5 10. Ncxb5 Nbc6 11. Nd6+ Bxd6 12. exd6 Qb4+ 13. Bd2 Qxd4 14. dxe7
Qc5 15. Qg4 g6 16. Qh4 Qxc2 17. f3 Qb2 18. Rc1 Nxe7 19. Rc7 Qe5+ 20. Kf2 Qxc7
21. Rc1 Qb6+ 22. Be3 Qxe3+ 23. Kxe3 Nf5+ 24. Kf4 Nxh4 25. Kg3 Nf5+ 26. Kf2 O-O
27. g4 Rac8 28. Rd1 Rc2+ 29. Kg1 Nh4 30. Rf1 Rfc8 31. Kh1 R8c3 32. Kg1 Nxf3+ 33.
Rxf3 Rxf3 34. a3 Rxb3 35. Kf1 Rb1# 0-1

[Event "Final Mistrzostw Polski Mlodzikow do lat 10 - Chlopcy"]
[Site "Szczyrk"]
[Date "1899-12-30"]
[Round "4.27"]
[White "Boryna, Szymon"]
[Black "Bieronski, Nikodem"]
[Result "0-1"]
[WhiteTitle "II"]
[BlackTitle "II"]
[WhiteElo "1008"]
[BlackElo "1126"]

1. e4 e6 2. d4 d5 3. Nd2 c5 4. exd5 exd5 5. Ngf3 Nc6 6. Bb5 a6 7. Bxc6+ bxc6 8.
O-O Be7 9. Re1 cxd4 10. Nxd4 Qb6 11. N2f3 c5 12. Nb3 Be6 13. Bg5 Nf6 14. h3 O-O
15. Qd2 Ne4 16. Qe3 Bxg5 17. Nxg5 Nxg5 18. Qxg5 c4 19. Nd2 Qxb2 20. Rec1 h6 21.
Qe3 Rfe8 22. Qg3 Bf5 23. Nf1 Rad8 24. Ne3 Bg6 25. h4 Qe5 26. Qxe5 Rxe5 27. Rd1
c3 28. g3 d4 29. Ng2 Bxc2 30. Rdc1 Be4 31. Nf4 Rc5 32. Kf1 d3 0-1

[Event "Final Mistrzostw Polski Mlodzikow do lat 10 - Chlopcy"]
[Site "Szczyrk"]
[Date "1899-12-30"]
[Round "5.1"]
[White "Lecki, Leonard"]
[Black "Ochedzan, Filip"]
[Result "1-0"]
[WhiteTitle "II"]
[BlackTitle "II"]
[WhiteElo "1373"]
[BlackElo "1596"]

1. e4 c5 2. d4 cxd4 3. c3 dxc3 4. Nxc3 e6 5. Bc4 a6 6. Nf3 b5 7. Bb3 Bb7 8. Qe2
Be7 9. O-O d6 10. Rd1 Qc7 11. Bf4 Nf6 12. Rac1 Qb6 13. e5 dxe5 14. Be3 Qa5 15.
Nxe5 Nc6 16. Nxf7 Kxf7 17. Bb6 Nd4 18. Bxd4 Bd5 19. Bxd5 Nxd5 20. Nxd5 exd5 21.
Qh5+ Kf8 22. Rd3 Qd8 23. Rf3+ Bf6 24. Bxf6 gxf6 25. Rc6 Kg7 26. Qg4+ Kf7 27. Qe6+
Kg7 28. Rc7+ Qxc7 29. Qxf6+ Kg8 30. Rg3+ Qxg3 31. hxg3 h6 32. f4 Rh7 33. Qg6+
Kh8 34. f5 Raa7 35. f6 Raf7 36. Kf2 Rf8 37. g4 Rhf7 38. Qxh6+ Kg8 39. g5 Re8 40.
Qg6+ Kf8 41. Qf5 Rc7 42. g6 d4 43. g7+ Kg8 44. g4 Rec8 45. Qd5+ Kh7 46. g8=Q+
Rxg8 47. Qh5# 1-0

[Event "Final Mistrzostw Polski Mlodzikow do lat 10 - Chlopcy"]
[Site "Szczyrk"]
[Date "1899-12-30"]
[Round "5.2"]
[White "Zmarzly, Wiktor"]
[Black "Sowinski, Pawel"]
[Result "0-1"]
[WhiteTitle "II"]
[BlackTitle "I++"]
[WhiteElo "1388"]
[BlackElo "1824"]

1. e4 c5 2. b3 d6 3. Bb2 Nf6 4. Nc3 Nc6 5. Bb5 Bd7 6. f4 a6 7. Bxc6 Bxc6 8. Qe2
g6 9. Nf3 Bg7 10. O-O-O O-O 11. e5 Nh5 12. Qe3 Bxf3 13. gxf3 Bh6 14. Ne2 Rc8 15.
Qc3 Bg7 16. Qe3 e6 17. d4 Qa5 18. Kb1 Rfd8 19. Bc3 Qc7 20. dxc5 dxc5 21. Rxd8+
Rxd8 22. Kc1 Bh6 23. Rd1 Rxd1+ 24. Kxd1 Qd8+ 25. Bd2 b6 26. Qd3 Qh4 27. Be1 Qxh2
28. Qd8+ Kg7 29. Qxb6 Nxf4 30. Nxf4 Qxf4 31. Qxa6 Qxf3+ 32. Qe2 Qd5+ 33. Qd3 Bf4
34. Qxd5 exd5 35. Bf2 d4 36. a4 Bxe5 37. a5 Bb8 38. Ke2 h5 39. Kf3 Bc7 40. a6
Bb6 41. Bg3 Ba7 42. Ke4 g5 43. b4 h4 44. Bf2 h3 45. Kf3 cxb4 46. Be1 g4+ 47. Kf2
d3+ 48. Kf1 dxc2 49. Bd2 b3 50. Bc1 Kg6 51. Bb2 Bd4 52. Ke2 h2 53. Bxd4 h1=Q 54.
Kf2 Qf3+ 55. Kg1 c1=R+ 56. Kh2 Qh3# 0-1

[Event "Final Mistrzostw Polski Mlodzikow do lat 10 - Chlopcy"]
[Site "Szczyrk"]
[Date "1899-12-30"]
[Round "5.3"]
[White "Wojtacha, Krzysztof"]
[Black "Dunda, Szymon"]
[Result "1-0"]
[WhiteTitle "I"]
[BlackTitle "II"]
[WhiteElo "1524"]
[BlackElo "1137"]

1. e4 c5 2. Nf3 e6 3. b3 Qc7 4. Bb2 d6 5. Bd3 a6 6. c4 b6 7. Qe2 Bb7 8. Nc3 Nc6
9. a3 Nf6 10. O-O Be7 11. Bc2 O-O 12. Rad1 Rad8 13. d4 cxd4 14. Nxd4 Nxd4 15.
Rxd4 Nd7 16. Rfd1 Nc5 17. b4 Nd7 18. Bb3 Qc6 19. R4d2 Nf6 20. f3 Qc7 21. g4 h6
22. Qg2 Nh7 23. Qg3 Bg5 24. Re2 Kh8 25. Nb1 f5 26. f4 Bxf4 27. Qxf4 fxe4 28. Qxh6
e5 29. Qh5 b5 30. c5 Qc6 31. Bd5 dxc5 32. Qxe5 Nf6 33. Nc3 Qc8 34. Rg2 Qd7 35.
Rg3 Nxd5 36. Nxd5 Bxd5 37. Rxd5 Qf7 38. Qh5+ Qxh5 39. Rxh5+ Kg8 40. Bc3 c4 41.
g5 Rd1+ 42. Kg2 Rd5 43. Rh4 e3 44. Rxe3 Rxg5+ 45. Rg3 Rxg3+ 46. hxg3 Re8 47. Kf3
Rd8 48. Rd4 1-0

[Event "Final Mistrzostw Polski Mlodzikow do lat 10 - Chlopcy"]
[Site "Szczyrk"]
[Date "1899-12-30"]
[Round "5.4"]
[White "Karaszewski, Gabriel"]
[Black "Jasiulewicz, Kamil"]
[Result "1-0"]
[WhiteTitle "II"]
[BlackTitle "II"]
[WhiteElo "1614"]
[BlackElo "1089"]

1. e4 e5 2. Nf3 Nf6 3. d4 exd4 4. e5 Nd5 5. Qxd4 Nb6 6. Nc3 Nc6 7. Qf4 d6 8. Be3
Be6 9. Bb5 Nd5 10. Nxd5 Bxd5 11. O-O-O Be6 12. Nd4 Bd7 13. Qe4 Nxd4 14. Bxd7+
Qxd7 15. Bxd4 O-O-O 16. exd6 Bxd6 17. Bxg7 Rhg8 18. Bf6 Rg4 19. Qf3 Rdg8 20. g3
Rc4 21. Qd3 Rc6 22. Qxh7 Rf8 23. Qg7 Qf5 24. Qxf8+ Kd7 25. Qe7+ Kc8 26. Qe8# 1-0

[Event "Final Mistrzostw Polski Mlodzikow do lat 10 - Chlopcy"]
[Site "Szczyrk"]
[Date "1899-12-30"]
[Round "5.5"]
[White "Zielen, Stanislaw"]
[Black "Grobelny, Mikolaj"]
[Result "0-1"]
[WhiteTitle "II"]
[BlackTitle "II+"]
[WhiteElo "1075"]
[BlackElo "1477"]

1. e4 e5 2. Nf3 Nc6 3. Bc4 Bc5 4. Nc3 Nf6 5. d3 h6 6. Be3 d6 7. Bxc5 dxc5 8. Bb5
Qd6 9. Bxc6+ bxc6 10. O-O Ba6 11. b3 g5 12. h3 g4 13. hxg4 Rg8 14. Ne2 Bc8 15.
Nh2 Nxg4 16. Qd2 Nxh2 17. Kxh2 Qg6 18. Ng3 h5 19. Rg1 Qg4 20. Nf5 Bxf5 21. Qe3
Qh4+ 22. Qh3 Bxh3 23. gxh3 Qxf2+ 24. Rg2 Qxg2# 0-1

[Event "Final Mistrzostw Polski Mlodzikow do lat 10 - Chlopcy"]
[Site "Szczyrk"]
[Date "1899-12-30"]
[Round "5.7"]
[White "Butkiewicz, Jan"]
[Black "Chomicki, Kornel"]
[Result "1-0"]
[WhiteTitle "II"]
[BlackTitle "II"]
[WhiteElo "1203"]
[BlackElo "1320"]

1. d4 d5 2. c4 c6 3. Nc3 Nf6 4. cxd5 cxd5 5. Nf3 e6 6. Bf4 Nc6 7. e3 a6 8. a3 Be7
9. Bd3 h6 10. b4 Bd6 11. Be5 Bxe5 12. Nxe5 Nxe5 13. dxe5 Nd7 14. f4 Qh4+ 15. g3
Qe7 16. e4 dxe4 17. Nxe4 O-O 18. Nd6 Rb8 19. O-O f6 20. Qh5 f5 21. g4 Nb6 22.
g5 Kh7 23. Rf3 Nd5 24. Bc4 Nb6 25. Bb3 Bd7 26. Rh3 Be8 27. Nxe8 Qxe8 28. gxh6
Qxh5 29. Rxh5 gxh6 30. Bxe6 Kg6 31. Rh3 Rbe8 32. Rg3+ Kh7 33. Bb3 Nc8 34. Rc1
Na7 35. Rc7+ Kh8 36. Rg6 Rg8 37. Rxg8+ Rxg8+ 38. Bxg8 Kxg8 39. Rxb7 Nb5 40. a4
Nc3 41. b5 axb5 42. axb5 Nd5 43. b6 Nxb6 44. Rxb6 Kg7 45. Rf6 h5 46. Rxf5 h4 47.
e6 h3 48. e7 Kg6 49. Rf8 Kg7 50. e8=Q Kh7 51. Qf7+ Kh6 52. Rh8# 1-0

[Event "Final Mistrzostw Polski Mlodzikow do lat 10 - Chlopcy"]
[Site "Szczyrk"]
[Date "1899-12-30"]
[Round "5.8"]
[White "Kaszuba, Michal"]
[Black "Dobrowolski, Kamil"]
[Result "1-0"]
[WhiteTitle "II"]
[BlackTitle "II"]
[WhiteElo "1370"]
[BlackElo "1157"]

1. c4 e5 2. Nc3 Nf6 3. Nf3 Nc6 4. d4 exd4 5. Nxd4 Bb4 6. a3 Bxc3+ 7. bxc3 O-O 8.
e3 Ne5 9. Be2 d6 10. O-O b6 11. f4 Ng6 12. Bf3 d5 13. cxd5 Nh4 14. d6 Nxf3+ 15.
Qxf3 Bg4 16. dxc7 Qxc7 17. Qc6 Qe7 18. Qa4 Ne4 19. Qc2 Rac8 20. Bb2 Nxc3 21. Bxc3
Qxe3+ 22. Rf2 Rxc3 23. Qd2 Re8 24. Qxe3 Rexe3 25. Nb5 Rb3 26. a4 a6 27. Rd2 Red3
28. Re1 Kf8 29. Nc7 Bd7 30. Rde2 f6 31. Nxa6 Bxa4 32. Nc7 Bd7 33. Ra2 Ra3 34.
Rb2 Rd6 35. Reb1 Ra7 36. Nb5 Bxb5 37. Rxb5 Rb7 38. Kf2 Ke7 39. Ke3 Ke6 40. Ke4
g6 41. g4 Ke7 42. h4 Kd7 43. f5 gxf5+ 44. Kxf5 Ke7 45. Rc1 Rd4 46. Rc8 Rd1 47.
Rh8 Rf1+ 48. Ke4 Ke6 49. Re8+ Kd7 50. Rf8 Rh1 51. h5 Rf1 52. Rf5 Rxf5 53. Kxf5
b5 54. Rxf6 b4 55. Rf7+ Kc6 56. Rxb7 Kxb7 57. Ke4 b3 58. Kd3 b2 59. Kc2 Kc6 60.
g5 Kd7 61. g6 hxg6 62. h6 Ke7 63. h7 1-0